Produkcia komunálneho odpadu na Slovensku a jeho vplyv na napĺňanie cieľov Agendy 2030

Agenda 2030 predstavuje komplexný súbor priorít pre dosiahnutie cieľov udržateľného rozvoja do roku 2030, ktorého súčasťou je aj záväzok znižovať produkciu odpadu pri súčasnom zvyšovaní efektívnosti využívania zdrojov. Konkrétne túto problematiku popisuje cieľ SDG 12 s názvom Udržateľná spotreba a v...

ver descrição completa

Na minha lista:
Detalhes bibliográficos
Autor principal: Stašková, Slavomíra, 1989-
Formato: Capítulo de Livro
Idioma:eslovaco
Assuntos:
Tags: Adicionar Tag
Sem tags, seja o primeiro a adicionar uma tag!

MARC

LEADER 00000naa$a2200000$$$4500
001 0313950
005 20260114091257.6
041 0 |a slo 
044 |a SK 
245 1 0 |a Produkcia komunálneho odpadu na Slovensku a jeho vplyv na napĺňanie cieľov Agendy 2030  |c Slavomíra Stašková 
520 |a Agenda 2030 predstavuje komplexný súbor priorít pre dosiahnutie cieľov udržateľného rozvoja do roku 2030, ktorého súčasťou je aj záväzok znižovať produkciu odpadu pri súčasnom zvyšovaní efektívnosti využívania zdrojov. Konkrétne túto problematiku popisuje cieľ SDG 12 s názvom Udržateľná spotreba a výroba. Obsahom tohto konkrétneho cieľa je neustále zdôrazňovanie potreby predchádzať vzniku odpadu, znižovať množstvo vyprodukovaného odpadu a posilňovať obehové modely hospodárstva v kontexte cirkulárnej ekonomiky. 
610 2 0 |a bohatstvo 
610 2 0 |a odpad 
610 2 0 |a hospodárstvo 
610 2 0 |a udržateľnosť 
610 2 0 |a kvalita života 
610 2 0 |a Európska banka pre obnovu a rozvoj 
100 1 |a Stašková, Slavomíra, 1989-